[Event "GBR-ch 100th"]
[Site "Torquay"]
[Date "2013.07.30"]
[Round "2"]
[White "Kirby, Peter J"]
[Black "Dilleigh, Steve"]
[Result "0-1"]
[WhiteElo "1982"]
[BlackElo "2121"]
[PlyCount "72"]
[EventDate "2013.07.29"]
[EventType "swiss"]
[EventRounds "11"]
[EventCountry "GBR"]
[Source "John Saunders"]
[SourceDate "2015.07.24"]

1. c4 e5 2. g3 Nf6 3. Bg2 c6 4. d4 Bb4+ 5. Bd2 Bxd2+ 6. Qxd2 d6 7. dxe5 dxe5 8.
Qxd8+ Kxd8 9. Nf3 Re8 10. e3 Kc7 11. Nc3 Bg4 12. O-O Nbd7 13. Ng5 h6 14. Nge4
Nxe4 15. Nxe4 f5 16. f3 Bh5 17. Nc3 Nf6 18. e4 fxe4 19. Nxe4 Nxe4 20. fxe4 Rf8
21. Rxf8 Rxf8 22. Rf1 Rxf1+ 23. Bxf1 a5 24. a3 Kb6 25. Kf2 Kc5 26. Ke3 Bf7 27.
b3 b5 28. cxb5 cxb5 29. Kd3 Bxb3 30. Kc3 Be6 31. Bd3 b4+ 32. axb4+ axb4+ 33.
Kd2 Kd4 34. Bb1 Bc4 35. Bc2 Bb5 36. Bb1 Bc6 0-1

[Event "GBR-ch 100th"]
[Site "Torquay"]
[Date "2013.07.30"]
[Round "2"]
[White "Lenier, Jude"]
[Black "Armstrong, Malcolm J"]
[Result "1/2-1/2"]
[WhiteElo "2119"]
[BlackElo "2014"]
[PlyCount "46"]
[EventDate "2013.07.29"]
[EventType "swiss"]
[EventRounds "11"]
[EventCountry "GBR"]
[Source "John Saunders"]
[SourceDate "2015.07.24"]

1. e4 c6 2. d4 d5 3. e5 c5 4. dxc5 e6 5. Be3 Nc6 6. Nf3 Qc7 7. Bb5 Nge7 8. c3
Bd7 9. Bxc6 Nxc6 10. Bd4 Nxd4 11. cxd4 b6 12. c6 Bb4+ 13. Nbd2 Qxc6 14. a3 Be7
15. O-O O-O 16. Rc1 Qb7 17. Qe2 Rac8 18. Qe3 h6 19. g4 Rxc1 20. Rxc1 Rc8 21.
Nf1 Rxc1 22. Qxc1 Qc6 23. Qd2 Qc4 1/2-1/2

[Event "GBR-ch 100th"]
[Site "Torquay"]
[Date "2013.07.30"]
[Round "2"]
[White "Oyama, Akito"]
[Black "Batchelor, Peter"]
[Result "1/2-1/2"]
[WhiteElo "1966"]
[BlackElo "2118"]
[PlyCount "82"]
[EventDate "2013.07.29"]
[EventType "swiss"]
[EventRounds "11"]
[EventCountry "GBR"]
[Source "John Saunders"]
[SourceDate "2015.07.24"]

1. e4 c6 2. d4 d5 3. exd5 cxd5 4. Bd3 Nc6 5. c3 Qc7 6. h3 g6 7. Ne2 Bg7 8. O-O
Nf6 9. Bf4 Qb6 10. Qb3 Bf5 11. Qxb6 axb6 12. Bxf5 gxf5 13. Ng3 e6 14. Nd2 h5
15. Rfe1 Kd7 16. Nf3 h4 17. Ne2 Ne4 18. Nc1 f6 19. Nd3 Bf8 20. a3 Na5 21. Nd2
Bd6 22. Re2 Rae8 23. Bxd6 Kxd6 24. Rd1 b5 25. f3 Ng3 26. Re3 Nc4 27. Nxc4+ bxc4
28. Nf4 Nh5 29. Nxh5 Rxh5 30. f4 Rh7 31. Rde1 Rhe7 32. Kf2 Kd7 33. R1e2 Ra8 34.
Re1 Ra6 35. R1e2 Rb6 36. Kf3 Rg7 37. Kf2 Rg8 38. Rd2 Ke7 39. Rde2 Kf7 40. Rd2
Ra8 41. Kf3 Rg8 1/2-1/2

[Event "GBR-ch 100th"]
[Site "Torquay"]
[Date "2013.07.30"]
[Round "2"]
[White "Purdon, Colin"]
[Black "Stewart, Ashley"]
[Result "1-0"]
[WhiteElo "2140"]
[BlackElo "2053"]
[PlyCount "53"]
[EventDate "2013.07.29"]
[EventType "swiss"]
[EventRounds "11"]
[EventCountry "GBR"]
[Source "John Saunders"]
[SourceDate "2015.07.24"]

1. d4 Nf6 2. c4 g6 3. Nc3 d5 4. cxd5 Nxd5 5. Bd2 Bg7 6. e4 Nb6 7. Be3 O-O 8.
Be2 e5 9. Nf3 Nc6 10. d5 Ne7 11. a4 Bd7 12. Qb3 Rb8 13. O-O Kh8 14. Rfc1 a6 15.
d6 Nec8 16. dxc7 Qxc7 17. Nd5 Nxd5 18. Rxc7 Nxc7 19. Rd1 Bg4 20. Bc5 Be6 21.
Bc4 Re8 22. Ng5 b6 23. Nxf7+ Kg8 24. Bxe6 Nxe6 25. Nd8 bxc5 26. Qxb8 Ne7 27.
Qb3 1-0

[Event "GBR-ch 100th"]
[Site "Torquay"]
[Date "2013.07.30"]
[Round "2"]
[White "Reid, John"]
[Black "Howell, Christopher"]
[Result "1-0"]
[WhiteElo "2151"]
[BlackElo "2055"]
[PlyCount "87"]
[EventDate "2013.07.29"]
[EventType "swiss"]
[EventRounds "11"]
[EventCountry "GBR"]
[Source "John Saunders"]
[SourceDate "2015.07.24"]

1. d4 e6 2. c4 Nf6 3. Nf3 c5 4. d5 exd5 5. cxd5 d6 6. Nc3 g6 7. h3 Bg7 8. e4
O-O 9. Bd3 Re8 10. O-O a6 11. a4 Nbd7 12. Bf4 c4 13. Bc2 Nc5 14. Re1 Qb6 15. a5
Qxb2 16. Na4 Nxa4 17. Rxa4 Bd7 18. Rxc4 Rac8 19. Nd2 Nxd5 20. exd5 Rxe1+ 21.
Qxe1 Rxc4 22. Nxc4 Qxc2 23. Nxd6 Qa4 24. Bg3 Bf8 25. Qe5 f5 26. Qf6 Bg7 27.
Qf7+ Kh8 28. Kh2 g5 29. Nxf5 Bxf5 30. Qxf5 h6 31. d6 Qb5 32. Qxb5 axb5 33. d7
Bf6 34. Bc7 b4 35. d8=Q+ Bxd8 36. Bxd8 Kg7 37. Bb6 Kf6 38. Bd4+ Ke6 39. h4 Kd5
40. Bg7 b3 41. hxg5 hxg5 42. Kg3 Kc4 43. Kg4 Kb4 44. Kxg5 1-0

[Event "GBR-ch 100th"]
[Site "Torquay"]
[Date "2013.07.31"]
[Round "3"]
[White "Armstrong, Malcolm J"]
[Black "Burnett, Jim"]
[Result "1/2-1/2"]
[WhiteElo "2014"]
[BlackElo "2117"]
[PlyCount "110"]
[EventDate "2013.07.29"]
[EventType "swiss"]
[EventRounds "11"]
[EventCountry "GBR"]
[Source "John Saunders"]
[SourceDate "2015.07.24"]

1. d4 d5 2. Nf3 c6 3. c4 e6 4. e3 Nf6 5. b3 Nbd7 6. Bb2 Bd6 7. Bd3 O-O 8. O-O
Qe7 9. Ne5 c5 10. Nd2 b6 11. Qe2 Bb7 12. Rad1 Rfe8 13. f4 a6 14. g4 Ne4 15.
Nxd7 Nxd2 16. Rxd2 Qxd7 17. e4 dxc4 18. bxc4 cxd4 19. g5 Bb4 20. Rdd1 Bc5 21.
Rf3 f5 22. gxf6 gxf6 23. Rg3+ Kh8 24. e5 f5 25. Kf2 Rg8 26. Rdg1 Rxg3 27. Rxg3
Rg8 28. Qh5 Rxg3 29. hxg3 Qc6 30. Ke1 Qh1+ 31. Qxh1 Bxh1 32. Be2 Kg7 33. Kd2
Kf7 34. Bd3 Ke7 35. Be2 Kd7 36. a3 d3 37. Kxd3 Bf2 38. g4 Be4+ 39. Kd2 Kc6 40.
g5 Kd7 41. Bd1 Ke7 42. Bh5 Bc5 43. Bd1 Bc6 44. Bh5 Kf8 45. Bd1 Kg7 46. Kd3 h6
47. gxh6+ Kxh6 48. Bc1 Kg6 49. a4 a5 50. Be3 Kh6 51. Bxc5 bxc5 52. Ke3 Bg2 53.
Kf2 Be4 54. Ke3 Kg6 55. Bf3 Bxf3 1/2-1/2

[Event "GBR-ch 100th"]
[Site "Torquay"]
[Date "2013.07.31"]
[Round "3"]
[White "Ball, Laurence"]
[Black "Eames, Robert"]
[Result "0-1"]
[WhiteElo "2108"]
[BlackElo "2244"]
[PlyCount "66"]
[EventDate "2013.07.29"]
[EventType "swiss"]
[EventRounds "11"]
[EventCountry "GBR"]
[Source "John Saunders"]
[SourceDate "2015.07.24"]

1. Nc3 c5 2. e4 a6 3. Nf3 d6 4. d4 cxd4 5. Nxd4 Nf6 6. f4 e6 7. Be3 b5 8. Bd3
b4 9. Nce2 Bb7 10. Ng3 h5 11. h4 Ng4 12. Qd2 Be7 13. Nf3 Nd7 14. f5 e5 15. Ng5
Ndf6 16. O-O-O Qc7 17. Kb1 O-O 18. Be2 d5 19. Nxh5 dxe4 20. Nxf6+ Nxf6 21. g4
Rfd8 22. Qc1 Nd5 23. Rxd5 Bxd5 24. h5 Rd6 25. Rd1 Rad8 26. Rxd5 Rxd5 27. Nxe4
Qd7 28. g5 Qxf5 29. Qh1 Qd7 30. Bc1 Rd1 31. Bxd1 Qxd1 32. Qh3 Qe1 33. g6 Qxe4
0-1

[Event "GBR-ch 100th"]
[Site "Torquay"]
[Date "2013.07.31"]
[Round "3"]
[White "Bates, Richard"]
[Black "Hegarty, Sarah"]
[Result "1-0"]
[WhiteElo "2375"]
[BlackElo "2124"]
[PlyCount "81"]
[EventDate "2013.07.29"]
[EventType "swiss"]
[EventRounds "11"]
[EventCountry "GBR"]
[Source "John Saunders"]
[SourceDate "2015.07.24"]

1. d4 d5 2. c4 e6 3. Nf3 c6 4. Qc2 dxc4 5. Qxc4 Nf6 6. g3 b5 7. Qb3 Bb7 8. Bg2
Nbd7 9. O-O a6 10. a4 Bd6 11. Nc3 O-O 12. Bg5 h6 13. Bxf6 Qxf6 14. Ne4 Qe7 15.
Rfd1 Nb6 16. Nxd6 Qxd6 17. Ne5 Nd5 18. Rac1 Rfc8 19. Nd3 Rab8 20. Nc5 Rc7 21.
e4 Ne7 22. a5 Qd8 23. Qe3 Bc8 24. b4 Ra8 25. f4 Raa7 26. Kh1 Qe8 27. Bf3 f6 28.
Rd2 Kh8 29. Bd1 e5 30. dxe5 fxe5 31. f5 Ng8 32. Bb3 Nf6 33. Rcd1 Bd7 34. Be6
Kh7 35. Bxd7 Nxd7 36. Ne6 Rcb7 37. Rd6 Ra8 38. Nxg7 Kxg7 39. Qxh6+ Kf7 40. Qh7+
Kf8 41. Rxd7 1-0

[Event "GBR-ch 100th"]
[Site "Torquay"]
[Date "2013.07.31"]
[Round "3"]
[White "Broadley, Henry"]
[Black "Purdon, Colin"]
[Result "1-0"]
[WhiteElo "1953"]
[BlackElo "2140"]
[PlyCount "77"]
[EventDate "2013.07.29"]
[EventType "swiss"]
[EventRounds "11"]
[EventCountry "GBR"]
[Source "John Saunders"]
[SourceDate "2015.07.24"]

1. d4 d5 2. c4 c6 3. Nf3 Nf6 4. Nc3 dxc4 5. a4 Bf5 6. Ne5 Na6 7. e3 Nb4 8. Bxc4
e6 9. O-O Bd6 10. Qe2 Qc7 11. e4 Bg6 12. h3 Nd7 13. f4 Nxe5 14. dxe5 Bc5+ 15.
Kh1 Qc8 16. f5 exf5 17. exf5 Bxf5 18. Bxf7+ Kxf7 19. Qc4+ Ke8 20. Qxc5 Nd3 21.
Qe3 Qe6 22. Ne2 Bg6 23. Nf4 Nxf4 24. Qxf4 Rd8 25. Be3 Rd5 26. Bxa7 Kd7 27. Qb4
Kc8 28. a5 Rxe5 29. a6 b5 30. Bd4 Be4 31. Qc3 Rg5 32. Rf2 Rd8 33. a7 Kb7 34.
a8=Q+ Rxa8 35. Rxa8 Kxa8 36. Qa5+ Kb7 37. Qb6+ Kc8 38. Rf8+ Kd7 39. Qd8# 1-0

[Event "GBR-ch 100th"]
[Site "Torquay"]
[Date "2013.07.31"]
[Round "3"]
[White "Brown, Martin"]
[Black "Coates, David H"]
[Result "1-0"]
[WhiteElo "2203"]
[BlackElo "2046"]
[PlyCount "87"]
[EventDate "2013.07.29"]
[EventType "swiss"]
[EventRounds "11"]
[EventCountry "GBR"]
[Source "John Saunders"]
[SourceDate "2015.07.24"]

1. e4 c5 2. Nf3 d6 3. d4 cxd4 4. Nxd4 Nf6 5. Nc3 a6 6. Be2 e5 7. Nb3 Be7 8. O-O
O-O 9. Re1 Be6 10. Bf3 Nbd7 11. a4 Nb6 12. Nd2 Rc8 13. Nf1 Nc4 14. b3 Nb6 15.
Bb2 Qc7 16. Ne3 Rfd8 17. Qe2 Bf8 18. h4 g6 19. h5 Bh6 20. Rad1 Qc5 21. Ng4 Nxg4
22. Bxg4 f5 23. Bh3 Rc7 24. hxg6 hxg6 25. exf5 Bxf5 26. Bxf5 gxf5 27. Qh5 Bg7
28. a5 Qxa5 29. Qxf5 Rf7 30. Qg5 Rdd7 31. Re3 Qc5 32. Rd2 Qc6 33. Rg3 d5 34.
Ne2 Qc5 35. Bxe5 Qxf2+ 36. Kh2 Qf5 37. Nd4 Qxg5 38. Rxg5 Rde7 39. Bd6 Rd7 40.
Bc5 Rf6 41. Nf5 Rdf7 42. Nxg7 Rxg7 43. Rxg7+ Kxg7 44. Bd4 1-0

[Event "GBR-ch 100th"]
[Site "Torquay"]
[Date "2013.07.31"]
[Round "3"]
[White "Burke, Mitchell R"]
[Black "Mercs, Peter J"]
[Result "1/2-1/2"]
[WhiteElo "1971"]
[BlackElo "2109"]
[PlyCount "92"]
[EventDate "2013.07.29"]
[EventType "swiss"]
[EventRounds "11"]
[EventCountry "GBR"]
[Source "John Saunders"]
[SourceDate "2015.07.24"]

1. e4 c5 2. Nc3 Nc6 3. f4 g6 4. Nf3 Bg7 5. Bb5 Nd4 6. O-O a6 7. Bd3 d6 8. Nxd4
cxd4 9. Ne2 Qb6 10. Kh1 Bg4 11. h3 Bxe2 12. Qxe2 Nf6 13. Qf2 O-O 14. c4 Nd7 15.
Bc2 Rac8 16. d3 Qc7 17. b3 f5 18. exf5 gxf5 19. Bb2 e5 20. b4 a5 21. a3 Kh8 22.
Ba4 axb4 23. axb4 Nb6 24. Bb3 Rce8 25. Ra7 Nc8 26. Ra8 Ne7 27. Rxe8 Rxe8 28.
Re1 Rf8 29. fxe5 dxe5 30. Qf3 Ng6 31. c5 Nh4 32. Qh5 Bf6 33. Qh6 Ng6 34. Qh5
Qd7 35. Bc1 e4 36. Bh6 Bg7 37. Bxg7+ Qxg7 38. Rf1 exd3 39. Rxf5 Re8 40. Rf7
Re1+ 41. Kh2 Qe5+ 42. Qxe5+ Nxe5 43. Rxb7 Rb1 44. Ba4 d2 45. b5 Ra1 46. Bb3 Rb1
1/2-1/2

[Event "GBR-ch 100th"]
[Site "Torquay"]
[Date "2013.07.31"]
[Round "3"]
[White "Chapman, Terry PD"]
[Black "Ghasi, Ameet K"]
[Result "1/2-1/2"]
[WhiteElo "2308"]
[BlackElo "2459"]
[PlyCount "151"]
[EventDate "2013.07.29"]
[EventType "swiss"]
[EventRounds "11"]
[EventCountry "GBR"]
[Source "John Saunders"]
[SourceDate "2015.07.24"]

1. d4 Nf6 2. Nf3 g6 3. c4 Bg7 4. g3 c6 5. Bg2 d5 6. cxd5 cxd5 7. Nc3 O-O 8. Ne5
e6 9. O-O Nfd7 10. Nf3 Nf6 11. Ne5 Nbd7 12. f4 Nb6 13. Be3 Ne8 14. Bf2 Nd6 15.
Rc1 f6 16. Nd3 f5 17. Na4 Ne4 18. Ne5 Nd7 19. Qc2 Nxe5 20. dxe5 b6 21. Nc3 Nxc3
22. Qxc3 Ba6 23. Bf3 g5 24. Qa3 Bb5 25. Rc2 g4 26. Bg2 Qd7 27. Rfc1 Rfc8 28. b3
Bf8 29. Qb2 Rxc2 30. Rxc2 Rc8 31. Bd4 Rc6 32. a4 Ba6 33. Qc1 Ba3 34. Qd2 Bb4
35. Qc1 Ba3 36. Qd2 Qc7 37. Rxc6 Qxc6 38. Bf1 h5 39. e3 Bb4 40. Qd1 Bxf1 41.
Kxf1 b5 42. axb5 Qxb5+ 43. Kf2 a6 44. Qc2 Qb7 45. Kg2 Kf7 46. Kf2 Ke8 47. Ba1
Kd7 48. Bd4 Qc6 49. Qxc6+ Kxc6 50. Ke2 Kb5 51. Kd3 Be7 52. Bc3 h4 53. Kc2 h3
54. Kd3 Bb4 55. Kc2 Bc5 56. Kd3 Bb6 57. Bd2 a5 58. Bc3 Bc5 59. Bd2 Be7 60. Bc3
Bd8 61. Bd2 Bb6 62. Bc3 a4 63. bxa4+ Kxa4 64. Be1 Kb3 65. Bf2 Ba5 66. Ke2 Kc2
67. Bg1 Bd2 68. Bf2 Bc1 69. Bg1 Kc3 70. Bf2 Kc4 71. Bg1 d4 72. exd4 Bb2 73. Bf2
Bc3 74. Bg1 Kd5 75. Kd3 Be1 76. Ke2 1/2-1/2

[Event "GBR-ch 100th"]
[Site "Torquay"]
[Date "2013.07.31"]
[Round "3"]
[White "Dilleigh, Steve"]
[Black "Flear, Glenn C"]
[Result "0-1"]
[WhiteElo "2121"]
[BlackElo "2456"]
[PlyCount "80"]
[EventDate "2013.07.29"]
[EventType "swiss"]
[EventRounds "11"]
[EventCountry "GBR"]
[Source "John Saunders"]
[SourceDate "2015.07.24"]

1. d4 d5 2. c4 e6 3. Nc3 c6 4. Nf3 Nf6 5. cxd5 exd5 6. Qc2 g6 7. Bg5 Be7 8. e4
O-O 9. e5 Nh5 10. Bh6 Re8 11. Bd3 c5 12. dxc5 Nc6 13. O-O Bg4 14. Be2 Bxc5 15.
Qd1 Nxe5 16. Nxd5 Nf6 17. Nxf6+ Qxf6 18. Nxe5 Bxe2 19. Qxe2 Rxe5 20. Be3 Rae8
21. Qc4 Bxe3 22. fxe3 Qe7 23. Rf2 Rxe3 24. Raf1 Rf8 25. h3 a6 26. Rf4 Re1 27.
Rxe1 Qxe1+ 28. Kh2 Qe5 29. Kg1 Qxb2 30. h4 Qb6+ 31. Kh1 Qe6 32. Qb4 b5 33. a4
bxa4 34. Qxa4 Rc8 35. Qd4 Re8 36. h5 Qe1+ 37. Kh2 Qe5 38. hxg6 hxg6 39. Qc4 Re6
40. Kg1 Qe3+ 0-1

[Event "GBR-ch 100th"]
[Site "Torquay"]
[Date "2013.07.31"]
[Round "3"]
[White "Eggleston, David"]
[Black "Gormally, Daniel"]
[Result "0-1"]
[WhiteElo "2363"]
[BlackElo "2496"]
[PlyCount "86"]
[EventDate "2013.07.29"]
[EventType "swiss"]
[EventRounds "11"]
[EventCountry "GBR"]
[Source "John Saunders"]
[SourceDate "2015.07.24"]

1. e4 c5 2. Nf3 Nc6 3. d4 cxd4 4. Nxd4 Nf6 5. Nc3 d6 6. Bg5 e6 7. Qd2 Be7 8.
O-O-O Nxd4 9. Qxd4 O-O 10. f4 h6 11. Bh4 Qa5 12. Bc4 e5 13. fxe5 dxe5 14. Qd3
Bg4 15. Rdf1 Rac8 16. Bb3 Rxc3 17. Qxc3 Qxc3 18. bxc3 Ba3+ 19. Kb1 Nxe4 20. Ka1
g5 21. Re1 Bf5 22. Bg3 Re8 23. Rhf1 Nxg3 24. hxg3 Bg6 25. Rd1 Re7 26. Rd8+ Kg7
27. Rfd1 Bf5 28. Rf1 Bg4 29. Bc4 e4 30. Re1 Bc5 31. Be2 Bf2 32. Rb1 Bxe2 33.
Rd2 Ba6 34. Rxf2 e3 35. Rff1 Bxf1 36. Rxf1 e2 37. Re1 Kg6 38. g4 h5 39. Kb1
hxg4 40. Kc1 f5 41. Kd2 f4 42. Rxe2 Rxe2+ 43. Kxe2 Kf5 0-1

[Event "GBR-ch 100th"]
[Site "Torquay"]
[Date "2013.07.31"]
[Round "3"]
[White "Graham, David Bruce"]
[Black "Hoare, Amy B"]
[Result "1/2-1/2"]
[WhiteElo "2165"]
[BlackElo "1873"]
[PlyCount "119"]
[EventDate "2013.07.29"]
[EventType "swiss"]
[EventRounds "11"]
[EventCountry "GBR"]
[Source "John Saunders"]
[SourceDate "2015.07.24"]

1. e4 e5 2. d4 exd4 3. Bc4 Nf6 4. Nf3 Nc6 5. O-O d6 6. Nxd4 Be7 7. Nc3 O-O 8.
Nxc6 bxc6 9. Qe2 Re8 10. Rd1 Ng4 11. h3 Ne5 12. Bb3 a5 13. f4 Ba6 14. Qf2 Nc4
15. Bxc4 Bxc4 16. b3 Ba6 17. Bb2 Bh4 18. Qf3 Qc8 19. Qh5 Bf6 20. e5 g6 21. Qf3
dxe5 22. Ne4 Bg7 23. fxe5 Qf5 24. Qxf5 gxf5 25. Nf6+ Bxf6 26. exf6 Re2 27. Rac1
c5 28. Rf1 Bc8 29. Rfe1 Rxe1+ 30. Rxe1 Be6 31. Re5 c4 32. Rc5 cxb3 33. axb3 Ra7
34. Be5 a4 35. bxa4 Rxa4 36. Bxc7 h6 37. Kf2 Re4 38. c3 Kh7 39. Be5 Kg6 40. Bd4
Bb3 41. Re5 h5 42. Rb5 Bc4 43. Rc5 Be6 44. Rb5 Ba2 45. Rb8 Kh7 46. Rd8 Bb3 47.
Rd7 Kg6 48. Re7 Bd5 49. g3 h4 50. gxh4 Rxh4 51. Kg3 Rh8 52. Re3 Kg5 53. Re5 Be6
54. h4+ Kg6 55. Rc5 f4+ 56. Kxf4 Rxh4+ 57. Ke5 Rh5+ 58. Kd6 Rxc5 59. Kxc5 Kf5
60. Kd6 1/2-1/2

[Event "GBR-ch 100th"]
[Site "Torquay"]
[Date "2013.07.31"]
[Round "3"]
[White "Hawkins, Jonathan"]
[Black "Rayner, Francis"]
[Result "1-0"]
[WhiteElo "2517"]
[BlackElo "2186"]
[PlyCount "71"]
[EventDate "2013.07.29"]
[EventType "swiss"]
[EventRounds "11"]
[EventCountry "GBR"]
[Source "John Saunders"]
[SourceDate "2015.07.24"]

1. e4 c5 2. Nf3 d6 3. d4 cxd4 4. Nxd4 Nf6 5. Nc3 Nc6 6. Bg5 e6 7. Qd2 a6 8.
O-O-O Bd7 9. f4 Be7 10. Kb1 Rc8 11. Nf3 b5 12. Bxf6 gxf6 13. Bd3 b4 14. Nd5
exd5 15. exd5 Na5 16. Qxb4 Rb8 17. Qc3 O-O 18. Rhe1 Re8 19. Rxe7 Qxe7 20. Qxa5
f5 21. Re1 Qf6 22. Rxe8+ Bxe8 23. b3 Bb5 24. c4 Bd7 25. Kc2 Qa1 26. Qxa6 Qh1
27. Qxd6 Qxg2+ 28. Nd2 Ra8 29. a4 Bxa4 30. bxa4 Rxa4 31. Qd8+ Kg7 32. Qg5+ Qxg5
33. fxg5 Kg6 34. d6 Kxg5 35. c5 Ra5 36. d7 1-0

[Event "GBR-ch 100th"]
[Site "Torquay"]
[Date "2013.07.31"]
[Round "3"]
[White "Hebden, Mark"]
[Black "Mason, Donald"]
[Result "1-0"]
[WhiteElo "2555"]
[BlackElo "2204"]
[PlyCount "93"]
[EventDate "2013.07.29"]
[EventType "swiss"]
[EventRounds "11"]
[EventCountry "GBR"]
[Source "John Saunders"]
[SourceDate "2015.07.24"]

1. d4 Nf6 2. Nf3 g6 3. Nc3 d5 4. Bf4 Bg7 5. Qd2 O-O 6. Bh6 Ne4 7. Qe3 Qd6 8.
Bxg7 Kxg7 9. O-O-O Nxc3 10. Qxc3 Nc6 11. e3 Bf5 12. Kb1 Qb4 13. Qxb4 Nxb4 14.
Rd2 f6 15. Be2 Rad8 16. Rc1 g5 17. a3 Nc6 18. Ka2 e5 19. dxe5 fxe5 20. Nxg5 Bc8
21. Bb5 Rf5 22. Nf3 e4 23. Nh4 Rh5 24. g3 Be6 25. Bxc6 bxc6 26. b3 c5 27. f3
exf3 28. Nxf3 Rf8 29. Nh4 c6 30. Kb2 Rh6 31. Re1 Rhf6 32. Ng2 Rf2 33. Ree2 Rxe2
34. Rxe2 Bg4 35. Rd2 Re8 36. c4 Bf3 37. Nf4 Rxe3 38. cxd5 cxd5 39. Nxd5 Re2 40.
Rxe2 Bxe2 41. Kc3 Bf1 42. Kd2 Kf7 43. Nc3 Bg2 44. Na4 Ke6 45. Nxc5+ Kf5 46. Ke3
Kg4 47. Nd3 1-0

[Event "GBR-ch 100th"]
[Site "Torquay"]
[Date "2013.07.31"]
[Round "3"]
[White "Horton, Andrew P"]
[Black "Homer, Stephen J"]
[Result "1-0"]
[WhiteElo "2032"]
[BlackElo "2165"]
[PlyCount "65"]
[EventDate "2013.07.29"]
[EventType "swiss"]
[EventRounds "11"]
[EventCountry "GBR"]
[Source "John Saunders"]
[SourceDate "2015.07.24"]

1. e4 c5 2. Nc3 Nc6 3. f4 g6 4. Nf3 Bg7 5. Bb5 Nd4 6. O-O Nxb5 7. Nxb5 d5 8. e5
a6 9. Nc3 Bg4 10. d4 Bxf3 11. Rxf3 c4 12. f5 gxf5 13. Rxf5 e6 14. Rxf7 Kxf7 15.
Qh5+ Kf8 16. Bg5 Qe8 17. Rf1+ Bf6 18. Qh4 h6 19. Bxf6 Rh7 20. Be7+ Kg7 21. Qg4+
Qg6 22. Bf8+ Rxf8 23. Qxg6+ Kxg6 24. Rxf8 Ne7 25. Rf6+ Kg5 26. Rxe6 Nf5 27. Ne2
Rf7 28. Re8 Ne3 29. Rg8+ Kf5 30. Ng3+ Kf4 31. c3 Nd1 32. h3 Nxb2 33. e6 1-0

[Event "GBR-ch 100th"]
[Site "Torquay"]
[Date "2013.07.31"]
[Round "3"]
[White "Howell, Christopher"]
[Black "Moss, Guy"]
[Result "1/2-1/2"]
[WhiteElo "2055"]
[BlackElo "2018"]
[PlyCount "260"]
[EventDate "2013.07.29"]
[EventType "swiss"]
[EventRounds "11"]
[EventCountry "GBR"]
[Source "John Saunders"]
[SourceDate "2015.07.24"]

1. e4 c5 2. a3 d6 3. b4 Nf6 4. Nc3 Nc6 5. Nf3 Nd4 6. bxc5 dxc5 7. e5 Nd5 8. Bb2
a6 9. Nxd4 cxd4 10. Ne2 d3 11. cxd3 b5 12. g3 Bb7 13. Bg2 Nb4 14. axb4 Bxg2 15.
Rg1 Bf3 16. Qb3 e6 17. Nd4 Bd5 18. Qc3 Rc8 19. Qa3 Bb7 20. Qb3 Be7 21. f4 O-O
22. Ke2 Qd7 23. Rgc1 Bd5 24. Qa3 Ra8 25. Bc3 a5 26. Qb2 a4 27. Rf1 Bd8 28. Nc2
Bb6 29. Bd4 Bc7 30. Bc5 Rfd8 31. Nd4 Bb7 32. Rf2 Ra6 33. Qc3 Bb6 34. Nc2 Bd5
35. d4 Bc4+ 36. d3 Bb3 37. Ne3 Bxc5 38. dxc5 Qd4 39. Kd2 Qd7 40. Rff1 Rc6 41.
Rfc1 Bd5 42. Ke2 Rcc8 43. Rf1 Bb7 44. f5 Qd4 45. Qxd4 Rxd4 46. fxe6 fxe6 47.
Rf4 Rcd8 48. Rxd4 Rxd4 49. Nc2 Rd5 50. d4 Rd8 51. Rd1 Kf7 52. Ke3 Kg6 53. Rf1
Bc6 54. Kd3 Ra8 55. Na3 Rd8 56. Rf4 Rb8 57. Kc3 Rd8 58. Kb2 Rb8 59. Nc2 Rd8 60.
Ne3 h6 61. h4 Kh7 62. Kc3 Ra8 63. Nc2 a3 64. Rf1 a2 65. Kb2 Ra4 66. Re1 Bd5 67.
Ka1 Kg8 68. Re3 Ra8 69. Na3 Rf8 70. Re1 Bc6 71. Kxa2 Rf2+ 72. Kb1 Rf3 73. Nc2
Rxg3 74. d5 Bxd5 75. Rd1 Rb3+ 76. Kc1 Kf7 77. Rd4 g5 78. hxg5 hxg5 79. Kd2 Ke7
80. Rg4 Bf3 81. Rxg5 Be4 82. Rg7+ Kd8 83. Rg4 Bxc2 84. Kxc2 Re3 85. Rd4+ Kc7
86. Rd6 Rxe5 87. Rb6 Re3 88. Rxb5 e5 89. Rb6 e4 90. Ra6 Rf3 91. Re6 Re3 92. b5
Re2+ 93. Kc3 Re1 94. Kd4 Rb1 95. b6+ Kb7 96. Rxe4 Rd1+ 97. Kc4 Rc1+ 98. Kb5
Rb1+ 99. Kc4 Rc1+ 100. Kd5 Rd1+ 101. Rd4 Rc1 102. Kd6 Rc2 103. Rd5 Rc1 104. Kd7
Rc2 105. Kd8 Kb8 106. Rf5 Rc1 107. Ke7 Kb7 108. Kd6 Rd1+ 109. Ke5 Kc6 110. Ke4
Rd7 111. Re5 Rd1 112. Ke3 Rd7 113. Ke2 Rd8 114. Kf3 Rd1 115. Kg4 Rd7 116. Kf5
Rd1 117. Ke6 Rd2 118. Ke7 Rd7+ 119. Ke8 Rh7 120. Kd8 Rh6 121. Re8 Kb7 122. Re7+
Kb8 123. Ra7 Rxb6 124. Ra1 Rb2 125. Kd7 Rd2+ 126. Kc6 Rh2 127. Re1 Rh6+ 128.
Kb5 Kc7 129. Re7+ Kc8 130. c6 Rh1 1/2-1/2

[Event "GBR-ch 100th"]
[Site "Torquay"]
[Date "2013.07.31"]
[Round "3"]
[White "Jackson, Oliver"]
[Black "Hackner, Oskar A"]
[Result "0-1"]
[WhiteElo "2207"]
[BlackElo "2063"]
[PlyCount "88"]
[EventDate "2013.07.29"]
[EventType "swiss"]
[EventRounds "11"]
[EventCountry "GBR"]
[Source "John Saunders"]
[SourceDate "2015.07.24"]

1. e4 e6 2. d4 d5 3. Nc3 Nf6 4. e5 Nfd7 5. f4 c5 6. Nf3 Nc6 7. Bd3 cxd4 8. Ne2
Bb4+ 9. Bd2 Bc5 10. O-O f6 11. Qe1 O-O 12. Qg3 Qe7 13. Kh1 Nb6 14. b3 Bd7 15.
Qh3 g6 16. Rae1 Rae8 17. g4 fxe5 18. fxe5 Rxf3 19. Rxf3 Nxe5 20. Rf2 Rf8 21.
Ref1 Rxf2 22. Rxf2 Nf7 23. Nf4 Ng5 24. Qh6 Ne4 25. Rg2 Nxd2 26. Rxd2 e5 27.
Nxg6 hxg6 28. Bxg6 Qg7 29. Qh5 d3 30. cxd3 Bc6 31. Bf5 Be3 32. Rd1 d4+ 33. Be4
Bxe4+ 34. dxe4 Qf7 35. Qxf7+ Kxf7 36. Kg2 Bg5 37. Kf3 Bf4 38. Kg2 Nd7 39. Kf3
Nc5 40. g5 a5 41. a3 d3 42. b4 d2 43. h4 axb4 44. axb4 Na4 0-1

[Event "GBR-ch 100th"]
[Site "Torquay"]
[Date "2013.07.31"]
[Round "3"]
[White "Kalaiyalahan, Akshaya"]
[Black "Henderson, David"]
[Result "1/2-1/2"]
[WhiteElo "1920"]
[BlackElo "2053"]
[PlyCount "85"]
[EventDate "2013.07.29"]
[EventType "swiss"]
[EventRounds "11"]
[EventCountry "GBR"]
[Source "John Saunders"]
[SourceDate "2015.07.24"]

1. d4 d5 2. Nf3 Nf6 3. e3 e6 4. Bd3 c5 5. b3 Nc6 6. Bb2 Bd6 7. O-O Qc7 8. c4
cxd4 9. exd4 O-O 10. c5 Bf4 11. Re1 Re8 12. Nc3 a6 13. Ne2 Bh6 14. Bc1 Bxc1 15.
Rxc1 e5 16. dxe5 Nxe5 17. Nxe5 Rxe5 18. Nd4 Bd7 19. Rxe5 Qxe5 20. c6 bxc6 21.
Nxc6 Qd6 22. Nd4 g6 23. Qd2 Kg7 24. h3 Re8 25. Nf3 Qa3 26. Rc7 Rc8 27. Rxc8
Bxc8 28. Qc3 Be6 29. Bb1 Kg8 30. Nd4 Ne4 31. Bxe4 dxe4 32. Nxe6 fxe6 33. Qc8+
Kf7 34. Qd7+ Kf6 35. Qd4+ Kf7 36. Qxe4 Qxa2 37. Qb7+ Kf6 38. Qf3+ Kg7 39. Qe3
Kf6 40. Qb6 Qa1+ 41. Kh2 Qe5+ 42. g3 Qe2 43. Kg2 1/2-1/2

[Event "GBR-ch 100th"]
[Site "Torquay"]
[Date "2013.07.31"]
[Round "3"]
[White "Kosten, Anthony C"]
[Black "Varnam, Liam"]
[Result "1-0"]
[WhiteElo "2458"]
[BlackElo "2107"]
[PlyCount "81"]
[EventDate "2013.07.29"]
[EventType "swiss"]
[EventRounds "11"]
[EventCountry "GBR"]
[Source "John Saunders"]
[SourceDate "2015.07.24"]

1. c4 c5 2. Nc3 Nc6 3. g3 g6 4. Bg2 Bg7 5. Nf3 e5 6. d3 Nge7 7. Nd2 d6 8. Nf1
O-O 9. Ne3 a6 10. Ned5 Nxd5 11. Nxd5 Rb8 12. O-O Ne7 13. Bg5 f6 14. Bd2 Nxd5
15. Bxd5+ Kh8 16. a3 f5 17. b4 b6 18. Rb1 Qc7 19. e3 Bb7 20. Qf3 Rfe8 21. Bxb7
Rxb7 22. e4 Qc6 23. Qg2 Rc8 24. Rfc1 Kg8 25. a4 cxb4 26. Rxb4 fxe4 27. dxe4 Qd7
28. Qf1 Bf8 29. Be3 a5 30. Rb5 Qc6 31. Qd3 Be7 32. f3 Kg7 33. Kg2 Bd8 34. Qb3
Bc7 35. c5 dxc5 36. Bxc5 Bd8 37. Bf8+ Kxf8 38. Rxc6 Rxc6 39. Qd5 Rc2+ 40. Kh3
Rb8 41. Qd6+ 1-0